000 00649nam a2200289Ia 4500
005 20260324120213.0
008 008 260324s9999 xx 000 0 eng d
020 _a9781315614151
037 _aEBOOK
040 _aCRL
040 _beng
040 _cCRL
041 _2eng
041 _aeng
084 _qCRL
100 _aJeremy Black
245 4 _aThe British Empire
245 2 _bA History and a Debate
260 _bTaylor and Francis
260 _c2015
365 _a
365 _b195
856 _uhttp://www.taylorfrancis.com/books/9781315614151
942 _cEBOOK
999 _c1749050
_d1749050